Normal view
MARC view
- Dong Sool Kim
Entry Corporate Name
001 - CONTROL NUMBER
- control field: 38196
003 - CONTROL NUMBER IDENTIFIER
- control field: NUST
005 - DATE AND TIME OF LATEST TRANSACTION
- control field: 20210314130628.0
008 - FIXED-LENGTH DATA ELEMENTS
- fixed length control field: 210314|| aca||aabn | a|a d
040 ## - CATALOGING SOURCE
- Original cataloging agency: NUST
- Transcribing agency: NUST
110 ## - HEADING--CORPORATE NAME
- Corporate name or jurisdiction name as entry element: Dong Sool Kim
670 ## - SOURCE DATA FOUND
- Source citation: Work cat.: (NUST): RAE, Kang 38194, Emerging Issues in Asia, 1991
